Menores y mujeres ante el contrato de trabajo / (Record no. 148667)

MARC details
000 -LEADER
campo de control de longitud fija 00957nam a2200265 i 4500
001 - NÚMERO DE CONTROL
campo de control 148667
003 - IDENTIFICADOR DE NÚMERO DE CONTROL
campo de control ES-MaACL
005 - FECHA Y HORA DE LA ÚLTIMA TRANSACCIÓN
campo de control 20230906202744.0
007 - CAMPO FIJO DE DESCRIPCIÓN FÍSICA--INFORMACIÓN GENERAL
campo de control de longitud fija t|
008 - DATOS DE LONGITUD FIJA--INFORMACIÓN GENERAL
campo de control de longitud fija 070214s1967 sp r ||||1| spa d
080 ## - NÚMERO DE LA CLASIFICACIÓN DECIMAL UNIVERSAL
Número de la Clasificación Decimal Universal 331.4:331.116(460)
080 ## - NÚMERO DE LA CLASIFICACIÓN DECIMAL UNIVERSAL
Número de la Clasificación Decimal Universal 331.3:331.116(460)
100 1# - ENTRADA PRINCIPAL--NOMBRE DE PERSONA
Nombre de persona Suárez González, Fernando.
9 (RLIN) 108627
245 10 - MENCIÓN DEL TÍTULO
Título Menores y mujeres ante el contrato de trabajo /
Mención de responsabilidad, etc. Fernando Suárez González ; prólogo de Gaspar Bayón Chacón.
260 ## - PUBLICACIÓN, DISTRIBUCIÓN, ETC.
Lugar de publicación, distribución, etc. Madrid :
Nombre del editor, distribuidor, etc. Instituto de Estudios Políticos,
Fecha de publicación, distribución, etc. 1967.
300 ## - DESCRIPCIÓN FÍSICA
Extensión 287 p. ;
Dimensiones 21 cm.
490 1# - MENCIÓN DE SERIE
Mención de serie Estudios de trabajo y previsión ;
Designación de volumen o secuencia 18
650 #4 - PUNTO DE ACCESO ADICIONAL DE MATERIA--TÉRMINO DE MATERIA
Término de materia o nombre geográfico como elemento de entrada Mujeres-
Subdivisión general Trabajo-
Subdivisión geográfica España-
Subdivisión cronológica S.XX.
9 (RLIN) 15321
650 #4 - PUNTO DE ACCESO ADICIONAL DE MATERIA--TÉRMINO DE MATERIA
Término de materia o nombre geográfico como elemento de entrada Niños-
Subdivisión general Trabajo-
Subdivisión geográfica España.
9 (RLIN) 148840
700 1# - ENTRADA AGREGADA--NOMBRE PERSONAL
Nombre de persona Bayón Chacón, Gaspar.
9 (RLIN) 26713
710 2# - ENTRADA AGREGADA--NOMBRE DE ENTIDAD CORPORATIVA
Nombre de entidad corporativa o nombre de jurisdicción como elemento de entrada Instituto de Estudios Políticos (Madrid)
9 (RLIN) 4924
830 1# - PUNTO DE ACCESO ADICIONAL DE SERIE-TÍTULO UNIFORME
Título uniforme Estudios de trabajo y previsión ;
Designación de volumen o secuencia 18
9 (RLIN) 181877
852 4# - LOCALIZACIÓN
Ubicación ES-MaACL
Número de control de estantería C-32442
Holdings
Estatus retirado Estado de pérdida Estado de daño No para préstamo Biblioteca de origen Biblioteca actual Ubicación en estantería Fecha de adquisición Fuente de adquisición Total de préstamos Signatura topográfica completa Código de barras Visto por última vez Precio de reemplazo Tipo de ítem Koha
        Biblioteca del Ateneo de Madrid Biblioteca del Ateneo de Madrid Depósito 2 17/01/2008     C-32442 1155147 23/02/2023 23/02/2023 Libro impreso